Loading...
| Philosophy | 0 | 6 | 1 | 0 | 55 | 42 | 58.00 | 3 | 6 | 23.24 | 39.49 |
| History - European | 0 | 3 | 0 | 1 | 30 | 80 | 107.33 | 1 | 1 | 4.83 | 14.10 |
| History - Other | 0 | 3 | 0 | 0 | 30 | 42 | 89.67 | 1 | 2 | 6.66 | 15.38 |
| Social Science | 0 | 3 | 1 | 0 | 25 | 19 | 58.67 | 2 | 3 | 11.15 | 17.95 |
| Literature - European | 0 | 2 | 0 | 0 | 20 | 67 | 81.50 | 0 | 2 | 6.64 | 10.26 |
| History - American | 0 | 2 | 0 | 0 | 20 | 69 | 83.50 | 1 | 2 | 5.28 | 12.82 |
| Literature - American | 0 | 2 | 0 | 0 | 20 | 104 | 113.00 | 0 | 1 | 3.05 | 8.97 |
| Mythology | 0 | 2 | 0 | 0 | 20 | 62 | 63.00 | 1 | 2 | 8.01 | 11.54 |
| Science - Biology | 0 | 2 | 0 | 0 | 20 | 91 | 96.00 | 1 | 2 | 3.01 | 11.54 |
| History - World | 0 | 1 | 0 | 0 | 10 | 27 | 27.00 | 1 | 1 | 6.12 | 7.69 |
| Science - Chemistry | 0 | 1 | 0 | 0 | 10 | 74 | 74.00 | 0 | 0 | 2.06 | 3.85 |
| Current Events | 0 | 1 | 0 | 0 | 10 | 17 | 17.00 | 1 | 1 | 28.94 | 33.33 |
| Religion | 0 | 0 | 1 | 0 | -5 | 0.00 | 0 | 0 | 0.00 | 0.00 |